| 000 | 01688nmm a2200349 a 4500 | ||
|---|---|---|---|
| 001 | ocm000621650 | ||
| 003 | TR-IsHL | ||
| 005 | 20201028155340.0 | ||
| 008 | 110704s2008 tu tur | ||
| 007 | cr cn | ||
| 020 | _a9789759173678 | ||
| 035 |
_a621650 _b(N$T) |
||
| 050 | 0 | 4 |
_aHC79.T4 _bB85 2008 |
| 090 | 0 | 4 |
_aHC79.T4 _bB85 2008 |
| 100 | 1 | _aBülbül, Yaşar | |
| 245 | 1 | 0 |
_aTeknonomi: tarihsel açıdan teknoloji - ekonomi ilişkisi _h[electronic resource] / _cYaşar Bülbül |
| 260 |
_aİstanbul : _bKitabevi, _c2008 |
||
| 300 | _a156 p. | ||
| 500 |
_aTeknolojinin mevcut hayat standardımızın oluşmasındaki katkısı tartışılmaz. Bu katkı, insanlığın başlangıcından beri var olagelen icatların sistemli şekilde üretime dahil edilmesiyle, başka bir deyişle iktisadi iktisadi süreçte önemli bir parametre haline gelmeleriyle mümkün olmuştur. Hedefi teknoloji tarihini Türk iktisat tarihi çalışmalarının gündemine taşımak olan Teknonomi, teknoloji ve ikdisadın insanoğlu için çok önem arz eden hikayesini ele alıyor. _x |
||
| 650 | 4 | _aEkonomi ve Finans | |
| 650 | 4 | _aEconomics and Finance | |
| 650 | 0 |
_aTeknoloji _xTarih |
|
| 650 | 0 |
_aTechnology _xHistory |
|
| 650 | 0 |
_aTeknoloji _xEkonomik açıdan |
|
| 650 | 0 |
_aTechnology _xEconomic aspects |
|
| 650 | 0 |
_aTeknoloji _xSosyal açıdan |
|
| 650 | 0 |
_aTechnology _xSocial aspects |
|
| 650 | 0 |
_aTeknolojik yenilikler _xEkonomik açıdan _xTarih |
|
| 650 | 0 |
_aTechnological innovations _xEconomic aspects _xHistory |
|
| 650 | 7 |
_aTECHNOLOGY & ENGINEERING / History _2bisacsh |
|
| 856 | 4 | 0 | _uhttp://search.ebscohost.com/login.aspx?direct=true&scope=site&db=e011xww&AN=621650 |
| 999 |
_c13039 _d13039 |
||